000 00326nam a2200145Ia 4500
100 _aBooch G/ Rumbaugh/ James
942 _cBK
654 _acomputer
245 _aUnified Modeling lang User Guide
260 _bAddison Wesley Pub
_c1999
082 _a5.117
_bboo/rum
300 _a482
546 _aENGLISH
999 _c27200
_d27200